000 00332nam a22001457a 4500
008 210302b ||||| |||| 00| 0 eng d
020 _a0134875958
041 _aeng
080 _24th
_a338
082 _a338
100 _a53
101 _aMEN
245 _aIntroducion to Management Accounting
_cHorngren, CH.T
942 _2udc
_cBK
999 _c55463
_d55463